Sports Quiz

Random Sports or MLB Quiz
Score 0/13 Timer 03:00
2 Plays Today
City % Correct
New York
98%
Chicago
93.3%
Los Angeles
93%
Boston
81.7%
Houston
74.9%
Philadelphia
71%
Washington
67.6%
St. Louis
66.1%
Cleveland
64.7%
Milwaukee
63.9%
Detroit
60.2%
Baltimore
58.1%
Kansas City
53.5%
Remove Ads.
Support Sporcle.
Get the best of Sporcle when you Go Orange. This ad-free experience offers more features, more stats, and more fun while also helping to support Sporcle. Thank you for becoming a member.

You're not logged in!

Compare scores with friends on all Sporcle quizzes.
OR
Log In

Show Comments

Extras

Top Quizzes Today


Score Distribution

Your Account Isn't Verified!

In order to create a playlist on Sporcle, you need to verify the email address you used during registration. Go to your Sporcle Settings to finish the process.

Report this User

Report this user for behavior that violates our Community Guidelines.

Details: